The Most Confusing Flags - Statistics

General Stats
  • This quiz has been taken 20 times
  • The average score is 12 of 14
Answer Stats
Picture Answer % Correct
Lithuania
100%
Ethiopia
95%
Guinea
95%
Bolivia
89%
Burkina Faso
89%
Cameroon
89%
Ghana
89%
Benin
84%
Republic Of The Congo
84%
Senegal
84%
Togo
84%
Guinea Bissau
79%
Mali
79%
Sao Tome and Principe
74%
No matching quizzes found
Score Distribution
Percent of People with Each Score
Percentile by Number Answered
Your Score History
You have not taken this quiz